Communication and Educational Technology Contemporary Pedagogy (Record no. 206)

MARC details
000 -LEADER
Fixed length control field 00764nam a2200241Ia 4500
003 - CONTROL NUMBER IDENTIFIER
Control field IIN
005 - DATE AND TIME OF LATEST TRANSACTION
Control field 20240104161614.0
008 - FIXED-LENGTH DATA ELEMENTS--GENERAL INFORMATION
Fixed length control field 231217s9999 xx 000 0 und d
020 ## - INTERNATIONAL STANDARD BOOK NUMBER / ISBN
Price Rs.580.00
International Standard Book Number 9788131243749
040 ## - CATALOGING SOURCE
Original cataloging agency IIN
Language of cataloging English
082 ## - DEWEY DECIMAL CLASSIFICATION NUMBER
Classification number 610.73071
Book Number SHA
100 1# - MAIN ENTRY--PERSONAL NAME
Personal name Sharma , Suresh K.
245 1# - TITLE STATEMENT
Title Communication and Educational Technology Contemporary Pedagogy
Sub title for Health Care Professionals /
Statement of responsibility Suresh K. Sharma and Reena Sharma
250 ## - EDITION STATEMENT
Edition statement 2nd ed
260 ## - IMPRINT
Name of publisher Elsevier
Place of publication New Delhi
Date of publication 2016
300 ## - PHYSICAL DESCRIPTION
Page / Vol. No xvii, 456 p.
650 1# - SUBJECT ADDED ENTRY--TOPICAL TERM
Topical term Education
Form subdivision Nursing
650 1# - SUBJECT ADDED ENTRY--TOPICAL TERM
Topical term Communication and Educational
Form subdivision Nursing
650 1# - SUBJECT ADDED ENTRY--TOPICAL TERM
Topical term Communication
Form subdivision Study and teaching
650 1# - SUBJECT ADDED ENTRY--TOPICAL TERM
Topical term Communication
Form subdivision Technology
700 1# - ADDED ENTRY--PERSONAL NAME
Personal name Sharma, Reena
942 ## - ADDED ENTRY ELEMENTS (KOHA)
Koha item type Books
Holdings
Withdrawn status Lost status Source of classification Damaged status Not for loan Collection code Home library Current library Date acquired Price Total Checkouts Call number Accession number Date last seen Date checked out Price effective from Koha item type
    Dewey Decimal Classification       IDEAL INSTITUTE OF NURSING IDEAL INSTITUTE OF NURSING 17/12/2023 580.00 1 610.73071 SHA 201 14/10/2025 13/10/2025 17/12/2023 Books
    Dewey Decimal Classification       IDEAL INSTITUTE OF NURSING IDEAL INSTITUTE OF NURSING 17/12/2023 580.00 1 610.73071 SHA 202 21/03/2024 13/03/2024 17/12/2023 Books
    Dewey Decimal Classification       IDEAL INSTITUTE OF NURSING IDEAL INSTITUTE OF NURSING 17/12/2023 580.00 2 610.73071 SHA 203 22/03/2024 19/03/2024 17/12/2023 Books
    Dewey Decimal Classification       IDEAL INSTITUTE OF NURSING IDEAL INSTITUTE OF NURSING 17/12/2023 580.00   610.73071 SHA 204 17/12/2023   17/12/2023 Books
    Dewey Decimal Classification       IDEAL INSTITUTE OF NURSING IDEAL INSTITUTE OF NURSING 17/12/2023 580.00 1 610.73071 SHA 205 18/03/2024 13/03/2024 17/12/2023 Books
    Dewey Decimal Classification       IDEAL INSTITUTE OF NURSING IDEAL INSTITUTE OF NURSING 15/06/2024     610.73071 SHA 1741 15/06/2024   15/06/2024 Books
    Dewey Decimal Classification       IDEAL INSTITUTE OF NURSING IDEAL INSTITUTE OF NURSING 15/06/2024     610.73071 SHA 1742 15/06/2024   15/06/2024 Books
    Dewey Decimal Classification       IDEAL INSTITUTE OF NURSING IDEAL INSTITUTE OF NURSING 15/06/2024     610.73071 SHA 1743 15/06/2024   15/06/2024 Books
© Ideal Institute Of Nursing, All rights reserved.         Powered by Koha